000 00328nam a2200133Ia 4500
008 240624s9999 xx 000 0 und d
041 _aeng
082 _a828 RAD
100 _aRADHAKRISHNAN S
245 _aIDEALIST VIEW OF LIFE
260 _c2009
_aNew Delhi
_bHarperCollins
300 _a361 : p. : cm. ; 21
365 _cRS
_b25
999 _c18574
_d18574